| 000 | 00668nam a2200205 a 4500 | ||
|---|---|---|---|
| 005 | 20210219145900.0 | ||
| 008 | 991125s1954 mx 000 0 spa u | ||
| 035 | _aUPN01000002994 | ||
| 049 | _aSEP | ||
| 050 | 4 |
_aML3570 _bG5.2 |
|
| 100 | 1 | _aGilbon Amaro, José | |
| 245 | 1 | 0 |
_aAño del himno nacional / _cpor José Gilbon Amaro. |
| 260 |
_aMéxico : _bSEP, Dirección General de Internados de Enseñanza Primariay Escuelas Asistenciales, _c1954. |
||
| 300 |
_a95 p. : _bretrs. |
||
| 500 | _a"Escuela Casa Amiga de la Obrera Número Uno" | ||
| 500 | _aDisponible en la Colección Medina | ||
| 650 | 4 | _aHIMNO NACIONAL MEXICANO | |
| 650 | 4 | _aHIMNOS | |
| 905 | _aLibro | ||
| 999 |
_c2994 _d2994 |
||